| 000 | 00424nam a2200169Ia 4500 | ||
|---|---|---|---|
| 001 | 12517 | ||
| 003 | IN-NITTTR | ||
| 005 | 20251114233117.0 | ||
| 008 | 251113s9999||||xx |||||||||||||| ||eng|| | ||
| 040 | _beng | ||
| 040 | _cIN-NITTTR | ||
| 041 | _aeng | ||
| 082 | _a621.38804 M229C | ||
| 100 | _aNovakovsky, S.V. | ||
| 245 | 0 |
_aColour television : _b a theory of colour reproduction. / _cNovakovsky, S.V. |
|
| 942 |
_2ddc _cBK |
||
| 999 |
_c15153 _d15153 |
||